000 00896pam a2200277 a 4500
003 OSt
005 20260205130718.0
008 260205b |||||||| |||| 00| 0 eng d
020 _a0465060528
020 _a0465016014
040 _aKABLIB
_cKABLIB
_erda
082 _a321.8
_223
_bBOW
100 1 _aBowles, Samuel.
_915309
245 1 0 _aDemocracy and capitalism :
_bproperty, community, and the contradictions of modern social thought /
_cSamuel Bowles, Herbert Gintis.
260 _aNew York :
_bBasic Books Inc . ,
_cc1986.
300 _ax, 244 p. ;
_c20 cm.
336 _atext
_btxt
_2rdacontent
504 _aIncludes index .
650 0 _aDemocracy
650 0 _aCapitalism.
650 0 _aEconomic development.
650 0 _aMarxian economics.
_911550
700 1 _aGintis, Herbert.
_915310
942 _2ddc
_cBOOK
999 _c6046
_d6046